00914cam a22002774a 450000100090000000300050000900500170001400800410003101000170007202000300008902000270011904000180014604200080016404300120017205000240018408200190020810000200022724500460024726000330029330000210032660000200034765000650036765000320043285600910046485600810055514107358Nust20170309153507.0050914s2005 nyu 000 0aeng  a 2005054113 a9780743243773 (hardcover) a0743243773 (hardcover) aDLCcDLCdDLC apcc an-us---00aLA2317.M36bA3 200500a371.10092bMCC1 aMcCourt, Frank.10aTeacher man :ba memoir /cFrank McCourt. aNew York :bScribner,c2005. a258 p. ;c25 cm.10aMcCourt, Frank. 0aHigh school teacherszNew York (State)zNew YorkvBiography. 0aIrish AmericansvBiography.423Publisher descriptionuhttp://www.loc.gov/catdir/enhancements/fy0631/2005054113-d.html413Sample textuhttp://www.loc.gov/catdir/enhancements/fy0641/2005054113-s.html